Pasión en el campo
Збережено в:
| Автор: | |
|---|---|
| Формат: | Книга |
| Мова: | Іспанська |
| Опубліковано: |
Santiago
Andrés Bello
1999
|
| Редагування: | 1a. ed |
| Предмети: | |
| Теги: |
Додати тег
Немає тегів, Будьте першим, хто поставить тег для цього запису!
|
MARC
| LEADER | 00000nam a2200000 a 4500 | ||
|---|---|---|---|
| 001 | UCG0162 | ||
| 003 | CL-VaPUC | ||
| 008 | 100312e19990000CL |||||||||||||||||spa|d | ||
| 020 | |a 8489691932 | ||
| 082 | 0 | 4 | |a 823 |b CAR |2 21 |
| 100 | 0 | |a Carr, Joseph Lloyd |e author |9 547554 | |
| 245 | 1 | 0 | |a Pasión en el campo |
| 250 | |a 1a. ed | ||
| 300 | |a 159 p | ||
| 942 | |c BK | ||
| 945 | |d 20100312 00:00:00 |a cmena | ||
| 260 | |a Santiago |b Andrés Bello |c 1999 | ||
| 650 | 0 | |a Novelas inglesas |9 265220 | |
| 650 | 0 | |a Literatura inglesa |9 312907 | |
| 650 | 0 | |a Veteranos de guerra |9 547555 | |
| 583 | |a last modification |c 20100312 00:00:00 |k Rodrigo Vera | ||
| 999 | |c 339909 |d 339907 | ||